000 00302nam a2200133Ia 4500
005 20251222144806.0
008 251222s9999||||xx |||||||||||||| ||spa||
020 _a85-7302-7940
082 _a868.97/J12
100 _aJabor, Arnaldo
245 0 _aPorno PolĂ­tica:
264 _bObjetiva
942 _cLIB
999 _c19927
_d19927